1799 1856 1722 1545 1974 1820 1023 1919 1572 1190 1829 1655 1311 1318 1231 1163 1610 1858 1326 1318 1069 1209 1172 1541 1931 1805 1972 1498 1904 1817 1659 1164 1999 1602 1426 1625 1059 1589 1962 1976 1862 1652 1241 1115 1967 1279 1912 1895 1466 1235 1418 1388 1693 1709 1107 1548 1465 1803 1350 1851 1851 1942 1573 1673 1334 1931 1767 1229 1296 1114 1623 1373 1863 1795 1094 1529 1774 1708 1307 1385 1288 1393 1635 1515 1561 1334 1292 1272 1884 1366 1712 1924 1365 1832 1012 1314 1533 1355 1330 BCNSPRNW ULIB Ver.6.0+V

เปลี่ยนเป็นภาษาไทย

Change to English
 แสดงรายละเอียดบรรณานุกรม
  กลับหน้าหลัก

Brief Record : Get Marc (ISO 2709) : E-mail record : QR code < ปิดหน้าต่าง
LEADER : 00000nam 2200000uu 4500
001    13399113514
003     ULIB
008    110627s2551||||th 000 0 tha d
020    9789740417378
090    นว.^bY111ฝ
100 0  Yayoi
245 00 ฝากฟ้าเคียงดิน/^cYayoi
250    พิมพ์ครั้งที่ 2
260    กรุงเทพฯ :^bแจ่มใส,^c2551
300    339 หน้า
710 1  แจ่มใส
945    ^p209^l0^i024668
995    ทศพร
999 ^a ใช้งานได้ทุกระบบ
รายการนี้ยังไม่มีแท็ก
คุณยังไม่ได้ล็อกอิน คุณสามารถมีกิจกรรมร่วมกับเว็บไซต์ได้ แต่ต้องล็อกอินก่อน ::
  ล็อกอิน

รายการสื่อสารสนเทศ

ลำดับที่ ประเภท เลขเรียก/บาร์โค้ด สถานที่ สถานะ
1. นวนิยาย
นวนิยาย
นว. Y111ฝ ฉ.1 
  Barcode: 024668
ห้องสมุดวิทยาเขตสวรรค์ประชารักษ์
►นวนิยาย
บนชั้น
  ขอยืม

รายการใกล้เคียง
    ผู้แต่ง [Yayoi]

BibComment


ยังไม่เคยถูกคอมเมนท์

คอมเมนท์ทรัพยากรรายการนี้
  คอมเมนท์: ฝากฟ้าเคียงดิน Ya..


 Copyright 2026. Bcnsprnw @Library